[Event "33.Schlosspark-Open"]
[Site "Wiesbaden-Biebrich"]
[Date "2024.08.23"]
[Round "2.1"]
[White "McAdam, Mark"]
[Black "Carow, Johannes"]
[Result "0-1"]
[WhiteElo "1995"]
[BlackElo "2465"]
[PlyCount "72"]
[EventDate "2024.08.22"]
[WhiteTeam "SC Brett vorm Kopp Ffm"]
[BlackTeam "Sfr.Heidesheim"]

1. d4 Nf6 2. c4 g6 3. Nf3 Bg7 4. g3 O-O 5. Bg2 d5 6. O-O Nc6 7. cxd5 Nxd5 8. e4 Nb6 9. d5 Na5 10. Nc3 c6 11. Nd4 cxd5 12. exd5 e5 13. Nc2 f5 14. Qe2 Nac4 15. Rd1 Nd6 16. b3 Bd7 17. Ba3 Qf6 18. Rac1 Rac8 19. Ne3 Rfe8 20. Bb2 h5 21. a4 f4 22. a5 fxe3 23. axb6 Qxf2+ 24. Qxf2 exf2+ 25. Kxf2 Bg4 26. bxa7 Bxd1 27. Rxd1 e4 28. Bh3 Rxc3 29. Bxc3 Bxc3 30. Ke3 Ra8 31. Rc1 Ba5 32. Kd4 Rxa7 33. Ke5 Ra6 34. Bf1 Rb6 35. Rc7 Nf7+ 36. Kf4 Rf6+ 0-1

[Event "33.Schlosspark-Open"]
[Site "Wiesbaden-Biebrich"]
[Date "2024.08.23"]
[Round "2.2"]
[White "Milov, Leonid"]
[Black "Gentner, Markus"]
[Result "1-0"]
[WhiteElo "2429"]
[BlackElo "1960"]
[PlyCount "70"]
[EventDate "2024.08.22"]
[WhiteTeam "SC Noris-Tarrasch Nürnberg 1873"]
[BlackTeam "SC Murrhardt 1948 e.V."]

1. e4 c6 2. Nf3 d5 3. d3 Bg4 4. h3 Bh5 5. g4 Bg6 6. h4 dxe4 7. h5 Bxh5 8. Nh4 Bg6 9. Nxg6 fxg6 10. Nc3 Nf6 11. g5 Nd5 12. Nxe4 e5 13. Qg4 Qd7 14. Qg3 Qc7 15. Qh3 Qd7 16. Bd2 Qxh3 17. Bxh3 Nd7 18. O-O-O Nc5 19. Rde1 Nd7 20. f4 O-O-O 21. fxe5 Kc7 22. d4 Be7 23. c4 Nb4 24. Kb1 Rdf8 25. Bc3 Nb6 26. b3 Rf4 27. Bd2 Rh4 28. Be6 Rxh1 29. Rxh1 h5 30. a3 Na6 31. Kb2 Rf8 32. d5 Bc5 33. d6+ Kd8 34. Bc3 Rf4 35. Re1 Nb8 1-0

[Event "33.Schlosspark-Open"]
[Site "Wiesbaden-Biebrich"]
[Date "2024.08.23"]
[Round "2.3"]
[White "Mandalka, Justus"]
[Black "Haack, Kevin"]
[Result "0-1"]
[WhiteElo "1981"]
[BlackElo "2306"]
[PlyCount "86"]
[EventDate "2024.08.22"]
[WhiteTeam "SK Bad Homburg 1927"]
[BlackTeam "SV 1920 Hofheim"]

1. e4 e6 2. d4 d5 3. Nc3 Nf6 4. Bg5 dxe4 5. Nxe4 Be7 6. Nxf6+ Bxf6 7. Bxf6 Qxf6 8. Nf3 O-O 9. Bd3 c5 10. Qe2 cxd4 11. Qe4 g6 12. O-O-O Rd8 13. Bb5 a6 14. Ba4 Ra7 15. Rxd4 Rxd4 16. Qxd4 Qxd4 17. Nxd4 b5 18. Bb3 Rc7 19. Rd1 Nd7 20. Kb1 Nc5 21. f3 Kf8 22. Re1 f6 23. Ne2 Nxb3 24. axb3 g5 25. Nc1 e5 26. g4 h5 27. h3 hxg4 28. hxg4 Rh7 29. Nd3 Rh3 30. Rf1 Bb7 31. Nc5 Bxf3 32. c4 Ke7 33. Nxa6 Bxg4 34. Nc7 Rf3 35. Nd5+ Ke6 36. Rg1 Bf5+ 37. Ka2 Bc2 38. Nc7+ Kd7 39. Nxb5 Bxb3+ 40. Ka3 Bxc4+ 41. Nc3 Ke6 42. Kb4 Bd3 43. Kc5 Rf2 0-1

[Event "33.Schlosspark-Open"]
[Site "Wiesbaden-Biebrich"]
[Date "2024.08.23"]
[Round "2.4"]
[White "Hagner, Bennet"]
[Black "Müller, Maximilian"]
[Result "0-1"]
[WhiteElo "2311"]
[BlackElo "1957"]
[PlyCount "60"]
[EventDate "2024.08.22"]
[WhiteTeam "OSG Baden-Baden"]
[BlackTeam "SC 1928 Eppelborn"]

1. e4 e6 2. d4 d5 3. Nc3 Nf6 4. e5 Nfd7 5. f4 c5 6. Nf3 Nc6 7. Be3 cxd4 8. Nxd4 Qb6 9. Qd2 Qxb2 10. Rb1 Qa3 11. Bb5 Nxd4 12. Bxd4 a6 13. Bxd7+ Bxd7 14. Rb3 Qe7 15. O-O Rc8 16. f5 b5 17. f6 gxf6 18. Rxf6 Bg7 19. Rf2 b4 20. Ne2 Ba4 21. Rxb4 Bxc2 22. Rb6 O-O 23. Rxa6 Bg6 24. Nc3 Rc4 25. Ra4 Rfc8 26. Rxc4 Rxc4 27. Qe3 Qb4 28. Rd2 Bh6 29. Qxh6 Rxd4 30. Rd1 Rxd1+ 0-1

[Event "33.Schlosspark-Open"]
[Site "Wiesbaden-Biebrich"]
[Date "2024.08.23"]
[Round "2.5"]
[White "Müller, Riyanna"]
[Black "Sydykov, Bayastan"]
[Result "0-1"]
[WhiteElo "1981"]
[BlackElo "2282"]
[PlyCount "82"]
[EventDate "2024.08.22"]
[WhiteTeam "SC Landskrone"]
[BlackTeam "SK 1858 Gießen"]

1. e4 e6 2. d4 d5 3. Nd2 c5 4. Ngf3 cxd4 5. exd5 Qxd5 6. Bc4 Qd7 7. O-O Nc6 8. Nb3 Nf6 9. Nbxd4 Nxd4 10. Qxd4 Qxd4 11. Nxd4 Bd7 12. Bf4 Rc8 13. Bb3 Bc5 14. Rfd1 Nh5 15. Be3 Ke7 16. Re1 g6 17. Rad1 h6 18. h4 Ng7 19. Re2 e5 20. Nf3 f6 21. Bxc5+ Rxc5 22. Ne1 Bb5 23. Red2 Nf5 24. a4 Bc6 25. Nd3 Ra5 26. Nb4 Nd4 27. Nxc6+ bxc6 28. f4 Rd8 29. Kf2 Ne6 30. Rxd8 Nxd8 31. fxe5 fxe5 32. Ke3 Nb7 33. Rf1 Nd6 34. g4 Rc5 35. Kd3 h5 36. gxh5 e4+ 37. Kd4 Rxh5 38. Rf4 c5+ 39. Ke3 c4 40. Ba2 Ke6 41. Bxc4+ Ke5 0-1

[Event "33.Schlosspark-Open"]
[Site "Wiesbaden-Biebrich"]
[Date "2024.08.23"]
[Round "2.6"]
[White "Calvi, Stefan"]
[Black "Lesny, Florian"]
[Result "1/2-1/2"]
[WhiteElo "1973"]
[BlackElo "2227"]
[PlyCount "102"]
[EventDate "2024.08.22"]
[WhiteTeam "SV Oberursel"]
[BlackTeam "SK Bad Homburg 1927"]

1. e4 c5 2. c3 Nf6 3. e5 Nd5 4. d4 cxd4 5. Nf3 d6 6. Bc4 Nb6 7. Bb3 Nc6 8. exd6 Qxd6 9. O-O Be6 10. Na3 dxc3 11. Bxe6 Qxd1 12. Rxd1 fxe6 13. Nb5 Rc8 14. Nxc3 g6 15. Ng5 e5 16. Ne6 h6 17. Ne4 Kf7 18. Nxf8 Kxf8 19. b3 Kf7 20. Be3 Nd4 21. Bxd4 exd4 22. Rxd4 Rc2 23. g3 Rhc8 24. a4 a5 25. Rad1 R8c6 26. R1d2 Rxd2 27. Rxd2 Ke6 28. f3 Nd5 29. Kf2 Rc1 30. h4 b6 31. Ke2 Nb4 32. Rd1 Rc2+ 33. Rd2 Rc8 34. Kf2 Rc1 35. Re2 Kd7 36. Nd2 Nd3+ 37. Ke3 Nc5 38. Kf2 Rc3 39. Re3 Rxe3 40. Kxe3 Kc6 41. Kd4 b5 42. axb5+ Kxb5 43. Kc3 Nd7 44. Nc4 Nf6 45. Ne5 g5 46. hxg5 hxg5 47. g4 Nd5+ 48. Kd4 Nf4 49. Ke4 e6 50. Nf7 Nh3 51. Nd8 Kb4 1/2-1/2

[Event "33.Schlosspark-Open"]
[Site "Wiesbaden-Biebrich"]
[Date "2024.08.23"]
[Round "2.7"]
[White "Minor, Samuel"]
[Black "Tremöhlen, Thomas"]
[Result "1/2-1/2"]
[WhiteElo "2204"]
[BlackElo "1958"]
[PlyCount "145"]
[EventDate "2024.08.22"]
[WhiteTeam "Wiesbadener SV 1885"]
[BlackTeam "Sportgemeinschaft Kaarst 1912/35"]

1. e4 c5 2. Nf3 Nc6 3. Bb5 g6 4. Bxc6 dxc6 5. h3 Bg7 6. d3 Qc7 7. Nc3 e5 8. Be3 b6 9. a3 a5 10. Na4 Rb8 11. Qd2 Nf6 12. Rb1 Ba6 13. c4 O-O 14. Qc3 Nd7 15. O-O Rfd8 16. Qc2 Bf8 17. Nd2 Bd6 18. Nc3 Nf8 19. Na2 Qe7 20. Qc3 Ne6 21. b4 axb4 22. axb4 cxb4 23. Nxb4 Bxb4 24. Rxb4 Rxd3 25. Qxe5 Qxb4 26. Qxb8+ Rd8 27. Qe5 Qd6 28. Qxd6 Rxd6 29. Ra1 Bb7 30. Ra7 Rd7 31. Bxb6 Rxd2 32. Rxb7 Rc2 33. Be3 Kg7 34. Rb4 Kf6 35. Ra4 Ke5 36. f3 f6 37. Ra5+ Kd6 38. c5+ Nxc5 39. Bxc5+ Rxc5 40. Ra7 h5 41. h4 g5 42. hxg5 fxg5 43. Rh7 h4 44. Kh2 Re5 45. Rh6+ Kd7 46. g3 hxg3+ 47. Kxg3 c5 48. Kf2 g4 49. Ke3 gxf3 50. Kxf3 Re6 51. Rh5 Kd6 52. Kf4 Rf6+ 53. Ke3 Re6 54. Kd3 Re5 55. Rh8 Kd7 56. Ke3 Re6 57. Rh5 Kd6 58. Rd5+ Kc6 59. Rd8 Kc7 60. Rd1 Kc6 61. Kf4 c4 62. e5 Kc5 63. Kf5 Re8 64. e6 c3 65. Kf6 Kc4 66. Kf7 Rh8 67. e7 c2 68. Rd7 Kb3 69. Rb7+ Ka2 70. Rc7 Kb2 71. Rxc2+ Kxc2 72. e8=Q Rxe8 73. Kxe8 1/2-1/2

[Event "33.Schlosspark-Open"]
[Site "Wiesbaden-Biebrich"]
[Date "2024.08.23"]
[Round "2.8"]
[White "Fleckenstein, Lukas"]
[Black "Ruppert, Wolfgang"]
[Result "1-0"]
[WhiteElo "1968"]
[BlackElo "2186"]
[PlyCount "125"]
[EventDate "2024.08.22"]
[WhiteTeam "SK Niederbrechen 1948"]
[BlackTeam "SC Flörsheim 1921"]

1. e4 c5 2. Nc3 a6 3. g3 b5 4. Bg2 Bb7 5. d3 e6 6. Nf3 Nf6 7. O-O d6 8. Be3 Be7 9. h3 Nc6 10. Qd2 O-O 11. Ne2 d5 12. exd5 Nxd5 13. Nf4 Nxe3 14. fxe3 Qc7 15. Kh2 Rad8 16. Qf2 e5 17. Ne2 f5 18. Qe1 Nb4 19. Qc1 e4 20. dxe4 Bxe4 21. Ne1 Qd6 22. a3 Nc6 23. Nf4 g5 24. Nfd3 Bf6 25. Bxe4 fxe4 26. Nf2 Qe6 27. c3 Ne5 28. Qc2 Nd3 29. Nfxd3 exd3 30. Nxd3 Qxe3 31. Rad1 c4 32. Nf2 Be5 33. Ne4 Rxd1 34. Rxf8+ Kxf8 35. Qxd1 Qxe4 36. Qd8+ Kf7 37. Qd7+ Kf6 38. Qd8+ Kg6 39. Qe8+ Kg7 40. Qe7+ Kh6 41. Qe6+ Qg6 42. Qxe5 Qc2+ 43. Kg1 Qc1+ 44. Kf2 Qxb2+ 45. Kf3 Qc2 46. Qf6+ Qg6 47. Qf8+ Kh5 48. Qh8 g4+ 49. hxg4+ Qxg4+ 50. Kg2 Qe2+ 51. Kh3 Qe4 52. Kh2 Kg4 53. Qg7+ Kf3 54. Qf6+ Ke2 55. Qxa6 Qf5 56. a4 Kf1 57. Qxb5 Qc2+ 58. Kh3 Qxc3 59. a5 Qb3 60. Qf5+ Ke2 61. a6 Qe3 62. Qc2+ Kf3 63. Qg2# 1-0

[Event "33.Schlosspark-Open"]
[Site "Wiesbaden-Biebrich"]
[Date "2024.08.23"]
[Round "2.9"]
[White "Rutsatz, Mario"]
[Black "Meier, Volker"]
[Result "1/2-1/2"]
[WhiteElo "1957"]
[BlackElo "2197"]
[PlyCount "86"]
[EventDate "2024.08.22"]
[WhiteTeam "SC 1961 König Nied"]
[BlackTeam "SK Tarrasch 1945 München"]

1. Nf3 Nf6 2. c4 g6 3. Nc3 d5 4. cxd5 Nxd5 5. h4 h5 6. d4 Bg7 7. e4 Nxc3 8. bxc3 c5 9. Be2 O-O 10. O-O cxd4 11. cxd4 Nc6 12. Be3 Bg4 13. d5 Ne5 14. Nxe5 Bxe2 15. Qxe2 Bxe5 16. Rab1 Qd7 17. f4 Bg7 18. Rfd1 Rfc8 19. e5 b6 20. Qd3 Qg4 21. Qe4 Qxh4 22. e6 f5 23. Qa4 Rc3 24. Bxb6 Rac8 25. Bf2 Qg4 26. d6 h4 27. Qb5 h3 28. Qd5 exd6 29. Rb7 Rc1 30. Rb1 R1c2 31. e7+ Kh7 32. Rb3 Qxg2+ 33. Qxg2 hxg2 34. Rxd6 Re8 35. Rb7 Kg8 36. Rxg6 Kf7 37. Rxg2 Rxa2 38. Rxa7 Rxa7 39. Bxa7 Rxe7 40. Bf2 Re4 41. Bg3 Bd4+ 42. Kf1 Be3 43. Re2 Ke6 1/2-1/2

[Event "33.Schlosspark-Open"]
[Site "Wiesbaden-Biebrich"]
[Date "2024.08.23"]
[Round "2.10"]
[White "Baranyai-Molnar, Adam-Kristof"]
[Black "Bremer, Vincent"]
[Result "1-0"]
[WhiteElo "2133"]
[BlackElo "1955"]
[PlyCount "39"]
[EventDate "2024.08.22"]
[WhiteTeam "SF Neuberg"]
[BlackTeam "TSG 1846 Bretzenheim/ZMO"]

1. e4 e6 2. d4 d5 3. Nc3 Bb4 4. e5 c5 5. a3 cxd4 6. axb4 dxc3 7. Qg4 cxb2 8. Bxb2 Qe7 9. Bd3 f5 10. Qf4 g5 11. Qd2 Bd7 12. b5 Qc5 13. Ne2 Bxb5 14. Ra5 a6 15. Bxb5+ Nc6 16. Bxc6+ Qxc6 17. O-O Ne7 18. Nd4 Qb6 19. Ba3 Ng6 20. Bc5 1-0

[Event "33.Schlosspark-Open"]
[Site "Wiesbaden-Biebrich"]
[Date "2024.08.23"]
[Round "2.11"]
[White "Förster, Jürgen"]
[Black "Nagel, Bernhard"]
[Result "0-1"]
[WhiteElo "1956"]
[BlackElo "2193"]
[PlyCount "48"]
[EventDate "2024.08.22"]
[WhiteTeam "SVG Eppstein 1932"]
[BlackTeam "Kölner SK Dr. Lasker 186"]

1. d4 d5 2. Nf3 e6 3. e3 Nf6 4. Bd3 b6 5. Nbd2 Bb7 6. O-O Nbd7 7. Ne5 Nxe5 8. dxe5 Ne4 9. c3 f6 10. Nf3 Be7 11. Qe2 Nc5 12. Rd1 Nxd3 13. Qxd3 O-O 14. b4 fxe5 15. Nxe5 Bd6 16. Nf3 Qf6 17. Rd2 e5 18. Ne1 e4 19. Qc2 Qh6 20. g3 Rae8 21. Qd1 Re5 22. f4 exf3 23. Nxf3 Ref5 24. Rf2 Qh5 0-1

[Event "33.Schlosspark-Open"]
[Site "Wiesbaden-Biebrich"]
[Date "2024.08.23"]
[Round "2.12"]
[White "Nesar, Abdul Musawer"]
[Black "Dauster, Ronald"]
[Result "1-0"]
[WhiteElo "2192"]
[BlackElo "1950"]
[PlyCount "127"]
[EventDate "2024.08.22"]
[WhiteTeam "Sfr Stiller Zug Wiesbaden"]
[BlackTeam "FT Schierstein"]

1. Nf3 Nf6 2. c4 g6 3. Nc3 Bg7 4. e4 d6 5. d4 O-O 6. Be2 e5 7. dxe5 dxe5 8. Qxd8 Rxd8 9. Bg5 Re8 10. O-O-O c6 11. Rd6 Be6 12. Nxe5 Nxe4 13. Nxe4 Bxe5 14. Nf6+ Bxf6 15. Bxf6 Nd7 16. Bc3 Nc5 17. f3 Bf5 18. Re1 Rad8 19. Red1 Rxd6 20. Rxd6 Nd7 21. Kd2 Kf8 22. g4 Be6 23. b3 Ke7 24. Rd3 f6 25. f4 c5 26. Re3 Kd6 27. Bf3 b6 28. h4 Re7 29. g5 fxg5 30. hxg5 Bf5 31. Rxe7 Kxe7 32. Bd5 Be6 33. Bf3 Bf5 34. Ke3 Kd6 35. Bd5 Be6 36. Be4 Bf5 37. Bb7 Be6 38. Kd2 a5 39. Bg7 Kc7 40. Be4 Kd6 41. Kc3 Bf5 42. Bf3 Be6 43. Kb2 a4 44. Ka3 axb3 45. axb3 Bf5 46. Ka4 Bc2 47. Bd5 b5+ 48. Kxb5 Bxb3 49. Bg8 Ke7 50. Kc6 Ba4+ 51. Kc7 Nf8 52. Bf6+ Ke8 53. Kd6 Nd7 54. Bg7 Bb3 55. Be6 Ba4 56. Bd5 Bc2 57. Bc6 Bf5 58. Bc3 Bg4 59. Ba5 Bh3 60. Bb6 Bf5 61. Bxc5 Kd8 62. Bd4 Nf8 63. c5 Ne6 64. Bf6+ 1-0

[Event "33.Schlosspark-Open"]
[Site "Wiesbaden-Biebrich"]
[Date "2024.08.23"]
[Round "2.13"]
[White "Mayer, Frank"]
[Black "Wolf, Ulrich Martin"]
[Result "0-1"]
[WhiteElo "1954"]
[BlackElo "2189"]
[PlyCount "87"]
[EventDate "2024.08.22"]
[WhiteTeam "Wiesbadener SV 1885"]
[BlackTeam "SK Bad Homburg 1927"]

1. e4 c5 2. Nf3 Nc6 3. d4 cxd4 4. Nxd4 e5 5. Nb5 d6 6. c4 Be6 7. N1c3 a6 8. Na3 g6 9. Be2 Bg7 10. Nc2 Nf6 11. O-O O-O 12. b3 Nd4 13. Be3 Nxe2+ 14. Qxe2 b5 15. c5 Qc7 16. Nb4 dxc5 17. Nbd5 Bxd5 18. Nxd5 Nxd5 19. exd5 Rfd8 20. a4 c4 21. axb5 axb5 22. Rxa8 Rxa8 23. Rc1 Rc8 24. g3 Bf8 25. h4 h5 26. Rc2 Bd6 27. bxc4 bxc4 28. g4 Qd7 29. gxh5 Qh3 30. hxg6 Qxh4 31. gxf7+ Kxf7 32. Qf3+ Qf6 33. Qxf6+ Kxf6 34. Kg2 Kf5 35. Kf3 e4+ 36. Ke2 Ke5 37. f3 exf3+ 38. Kxf3 Kxd5 39. Rd2+ Ke6 40. Ke4 c3 41. Rc2 Be5 42. Bd4 Rc4 43. Rxc3 Rxd4+ 44. Ke3 0-1

[Event "33.Schlosspark-Open"]
[Site "Wiesbaden-Biebrich"]
[Date "2024.08.23"]
[Round "2.14"]
[White "Khenkin, Igor"]
[Black "Schneider, Jörg"]
[Result "1-0"]
[WhiteElo "2505"]
[BlackElo "1995"]
[PlyCount "43"]
[EventDate "2024.08.22"]
[WhiteTeam "Wiesbadener SV 1885"]
[BlackTeam "Sfr.Mainz 1928"]

1. d4 Nf6 2. Nf3 g6 3. c4 Bg7 4. Nc3 O-O 5. e4 d6 6. h3 c5 7. d5 e6 8. Bd3 exd5 9. exd5 Re8+ 10. Be3 Nh5 11. O-O Bxc3 12. bxc3 Nd7 13. Qd2 Ne5 14. Nxe5 Rxe5 15. f4 Re8 16. f5 Ng3 17. fxg6 hxg6 18. Bg5 Qd7 19. Rf3 Ne4 20. Bxe4 Rxe4 21. Bf6 Kh7 22. Rf4 1-0

[Event "33.Schlosspark-Open"]
[Site "Wiesbaden-Biebrich"]
[Date "2024.08.23"]
[Round "2.15"]
[White "Kersten, Uwe"]
[Black "Faulhaber, Tobias"]
[Result "1-0"]
[WhiteElo "2179"]
[BlackElo "1931"]
[PlyCount "63"]
[EventDate "2024.08.22"]
[WhiteTeam "Sfr. Bad Emstal/Wolfhagen"]
[BlackTeam "SC Schifferstadt"]

1. e4 e6 2. d4 d5 3. e5 c5 4. c3 Qb6 5. Nf3 Nc6 6. Bd3 cxd4 7. O-O Bd7 8. a3 Rc8 9. b4 Nge7 10. Bb2 Ng6 11. Re1 Be7 12. cxd4 O-O 13. Nbd2 Qd8 14. g3 f6 15. Rc1 fxe5 16. dxe5 Qe8 17. Nb3 b6 18. Ba6 Rb8 19. Bf1 Qf7 20. Bg2 Rbc8 21. Qd2 Bd8 22. h4 a5 23. b5 Nb8 24. Rxc8 Bxc8 25. Rc1 Bb7 26. a4 Nd7 27. h5 Ne7 28. Ng5 Qxh5 29. Nxe6 Nxe5 30. Bxe5 Qxe5 31. Re1 Qh5 32. Nxd8 1-0

[Event "33.Schlosspark-Open"]
[Site "Wiesbaden-Biebrich"]
[Date "2024.08.23"]
[Round "2.16"]
[White "Eull, Emil"]
[Black "Schmitt, Carsten"]
[Result "1-0"]
[WhiteElo "2151"]
[BlackElo "1926"]
[PlyCount "81"]
[EventDate "2024.08.22"]
[WhiteTeam "SF Neuberg"]
[BlackTeam "SV Bergwinkel"]

1. c4 e6 2. Nc3 d5 3. d4 c5 4. cxd5 exd5 5. Nf3 Nc6 6. g3 Nf6 7. Bg2 Be7 8. O-O O-O 9. Bg5 c4 10. Ne5 Be6 11. b3 Qa5 12. Qd2 Rad8 13. Rfd1 h6 14. Nxc6 bxc6 15. Bxf6 Bxf6 16. e3 Qa6 17. bxc4 dxc4 18. Qc2 h5 19. Rab1 h4 20. Qa4 Qxa4 21. Nxa4 hxg3 22. hxg3 c3 23. Nxc3 c5 24. Ne4 cxd4 25. Nxf6+ gxf6 26. Rxd4 Bxa2 27. Ra1 Be6 28. Rxa7 Rc8 29. Bf3 Rc1+ 30. Kg2 Kg7 31. Bg4 f5 32. Bf3 Bc4 33. Bd5 Bf1+ 34. Kf3 Rc2 35. Rb4 Be2+ 36. Kf4 Bh5 37. Ra2 Rxa2 38. Bxa2 Bg6 39. Bb1 Rd8 40. Bxf5 Rd2 41. f3 1-0

[Event "33.Schlosspark-Open"]
[Site "Wiesbaden-Biebrich"]
[Date "2024.08.23"]
[Round "2.17"]
[White "Burkhardt, Jan"]
[Black "Akhmatovski, Maxim"]
[Result "0-1"]
[WhiteElo "1926"]
[BlackElo "2078"]
[PlyCount "126"]
[EventDate "2024.08.22"]
[WhiteTeam "Sfr.Mainz 1928"]
[BlackTeam "SV Oberursel"]

1. e4 e6 2. d4 d5 3. Nc3 Bb4 4. e5 c5 5. a3 Bxc3+ 6. bxc3 Ne7 7. Nf3 b6 8. Bd3 Ba6 9. O-O Bxd3 10. cxd3 cxd4 11. Nxd4 Nbc6 12. Nxc6 Nxc6 13. f4 O-O 14. Rf3 f6 15. Rh3 fxe5 16. Qh5 h6 17. fxe5 Qe8 18. Qg4 Nxe5 19. Qg3 Ng6 20. Be3 Qf7 21. Qg4 Qf5 22. Rg3 Qxg4 23. Rxg4 Kh7 24. a4 Rac8 25. Ra3 Ne5 26. Rg3 Nc6 27. Bd2 e5 28. Re3 Rce8 29. Ra1 Na5 30. Rb1 Nb7 31. Rb5 Nc5 32. a5 d4 33. Rg3 Re6 34. h3 Ref6 35. cxd4 exd4 36. Bb4 Rc8 37. axb6 axb6 38. Rg4 Nxd3 39. Rxd4 Nxb4 40. Rdxb4 Rcc6 41. Kh2 Kg8 42. Kg3 Kf7 43. Re4 Rc2 44. Reb4 Rg6+ 45. Kh4 Rcc6 46. Re4 Rxg2 47. Ra4 g5+ 48. Kh5 Rg3 49. h4 Rh3 50. Rbb4 Rxh4+ 51. Rxh4 gxh4 52. Ra7+ Ke6 53. Kxh4 Kd5 54. Ra1 b5 55. Rd1+ Ke4 56. Rg1 Rb6 57. Rg4+ Kd5 58. Kh5 b4 59. Rg8 b3 60. Rd8+ Kc4 61. Rc8+ Kb4 62. Re8 b2 63. Re1 Ka3 0-1

[Event "33.Schlosspark-Open"]
[Site "Wiesbaden-Biebrich"]
[Date "2024.08.23"]
[Round "2.18"]
[White "Burkart, Lloyd Shang"]
[Black "Pauls, Wilhelm"]
[Result "1-0"]
[WhiteElo "2123"]
[BlackElo "1921"]
[PlyCount "85"]
[EventDate "2024.08.22"]
[WhiteTeam "SV 1920 Hofheim"]
[BlackTeam "Sportgemeinschaft Kaarst 1912/35"]

1. d4 Nf6 2. c4 g6 3. Nc3 Bg7 4. e4 d6 5. f3 O-O 6. Be3 Nc6 7. Qd2 a6 8. Nge2 Re8 9. Rc1 Bd7 10. b3 Rb8 11. Nd1 h5 12. g3 e5 13. d5 Nd4 14. Nxd4 exd4 15. Bxd4 c5 16. dxc6 bxc6 17. Bg2 d5 18. cxd5 cxd5 19. e5 Nh7 20. f4 Be6 21. O-O h4 22. Ne3 h3 23. Bf3 Bf8 24. Rfd1 Ba3 25. Rc6 a5 26. Nc2 Bf8 27. Be3 a4 28. Nd4 axb3 29. axb3 Qd7 30. Rdc1 Ba3 31. R1c2 Bb4 32. Qd3 Rb7 33. Nxe6 Rxe6 34. Bxd5 Nf6 35. exf6 Rxe3 36. Qxe3 Qxd5 37. Rc8+ Kh7 38. g4 Qd1+ 39. Kf2 Qxg4 40. Qg3 Qh5 41. Qg5 Qxg5 42. fxg5 Ba5 43. R2c4 1-0

[Event "33.Schlosspark-Open"]
[Site "Wiesbaden-Biebrich"]
[Date "2024.08.23"]
[Round "2.19"]
[White "Schulze, Nick"]
[Black "Kregelin, Jan"]
[Result "1/2-1/2"]
[WhiteElo "1900"]
[BlackElo "2122"]
[PlyCount "119"]
[EventDate "2024.08.22"]
[WhiteTeam "SV Rochade Magdeburg 96"]
[BlackTeam "FVS ASP Hoyerswerda"]

1. e4 c5 2. Nf3 d6 3. d4 cxd4 4. Nxd4 Nf6 5. Nc3 a6 6. Be2 e6 7. O-O Be7 8. f4 O-O 9. Kh1 Qc7 10. a4 Nc6 11. Be3 Rb8 12. g4 Re8 13. Bf3 Nd7 14. Qe1 g6 15. g5 Bf8 16. Bg2 Bg7 17. Nde2 Nf8 18. f5 exf5 19. Nd5 Qd8 20. Ng3 Re5 21. exf5 Bxf5 22. Nxf5 gxf5 23. Qg3 Ng6 24. h4 f4 25. Bxf4 Nxf4 26. Qxf4 Qd7 27. h5 Qe6 28. Rad1 Ne7 29. h6 Nxd5 30. Bxd5 Rxd5 31. hxg7 Re8 32. c4 Rxd1 33. Rxd1 Qe4+ 34. Qxe4 Rxe4 35. Rxd6 Rxc4 36. Rb6 Rxa4 37. b4 Kxg7 38. Kg2 Ra3 39. Rxb7 Kg6 40. Ra7 Ra4 41. Rb7 a5 42. bxa5 Rxa5 43. Kg3 Rxg5+ 44. Kf4 Rf5+ 45. Kg4 h5+ 46. Kh4 Rf4+ 47. Kg3 Rg4+ 48. Kh3 f5 49. Rb8 Kg5 50. Rg8+ Kf4 51. Rh8 h4 52. Rf8 Ke4 53. Re8+ Kf3 54. Re1 Rg3+ 55. Kxh4 f4 56. Ra1 Rg2 57. Ra3+ Kf2 58. Ra2+ Kg1 59. Ra1+ Kh2 60. Rf1 1/2-1/2

[Event "33.Schlosspark-Open"]
[Site "Wiesbaden-Biebrich"]
[Date "2024.08.23"]
[Round "2.20"]
[White "Stephanblome, Felix"]
[Black "Pohle, Dirk"]
[Result "1/2-1/2"]
[WhiteElo "1925"]
[BlackElo "2108"]
[PlyCount "121"]
[EventDate "2024.08.22"]
[WhiteTeam "SV 1934 Ffm-Griesheim"]
[BlackTeam "Langenfelder SF 1933"]

1. d4 d6 2. c4 e5 3. dxe5 dxe5 4. Qxd8+ Kxd8 5. Nc3 Be6 6. e4 Nd7 7. Be3 Bb4 8. Kd2 Ngf6 9. f3 Ke7 10. Kc2 c6 11. a3 Bc5 12. Bxc5+ Nxc5 13. b4 Ncd7 14. Nd1 a5 15. Rb1 axb4 16. axb4 Ra3 17. Bd3 Nb6 18. Nb2 Rd8 19. Ne2 Na4 20. Rhd1 b5 21. Nxa4 bxc4 22. Nec3 cxd3+ 23. Rxd3 Ra8 24. Nc5 Bc4 25. Rdd1 Rb8 26. Rd2 Ra7 27. Nd1 g6 28. Kc3 Bb5 29. Kb3 Ne8 30. Nb2 Rba8 31. Rbd1 Ng7 32. Rd7+ Ke8 33. Nc4 Ne6 34. Nd6+ Kf8 35. Nxe6+ fxe6 36. Nxb5 cxb5 37. Rxa7 Rxa7 38. Rd6 Ke7 39. Rb6 Kf6 40. Rxb5 Ra1 41. Rc5 Rb1+ 42. Ka4 Rb2 43. Rc3 Rxg2 44. b5 Rxh2 45. b6 Ra2+ 46. Kb5 Rb2+ 47. Kc6 h5 48. Kc7 h4 49. b7 Kg5 50. b8=Q Rxb8 51. Kxb8 Kf4 52. Kc7 h3 53. Kd6 h2 54. Rc1 Kxf3 55. Kxe6 Kxe4 56. Rh1 Kf3 57. Rxh2 e4 58. Rh3+ Kf2 59. Ke5 e3 60. Kf4 e2 61. Rh2+ 1/2-1/2

[Event "33.Schlosspark-Open"]
[Site "Wiesbaden-Biebrich"]
[Date "2024.08.23"]
[Round "2.21"]
[White "Metzdorf, Matteo"]
[Black "Schmieder, Stefan"]
[Result "1-0"]
[WhiteElo "2098"]
[BlackElo "1914"]
[PlyCount "39"]
[EventDate "2024.08.22"]
[WhiteTeam "TSV Schott Mainz"]
[BlackTeam "SC Steinbach"]

1. e4 d5 2. exd5 Qxd5 3. Nc3 Qd8 4. d4 g6 5. Nf3 Bg7 6. Bf4 Nf6 7. Qd2 O-O 8. Bc4 a6 9. O-O b5 10. Be2 Bb7 11. Ne5 Nfd7 12. Qe3 Nxe5 13. dxe5 Qc8 14. Rad1 Qe6 15. a4 b4 16. Ne4 Bxe4 17. Qxe4 c6 18. Qxb4 Ra7 19. Be3 Rd7 20. Bg4 1-0

[Event "33.Schlosspark-Open"]
[Site "Wiesbaden-Biebrich"]
[Date "2024.08.23"]
[Round "2.22"]
[White "Musiienko, Tymur"]
[Black "Pradeep, Harshill"]
[Result "1-0"]
[WhiteElo "2093"]
[BlackElo "1905"]
[PlyCount "125"]
[EventDate "2024.08.22"]
[WhiteTeam "Wiesbadener SV 1885"]
[BlackTeam "SK Bickenbach"]

1. e4 e5 2. Nf3 Nc6 3. Bc4 Nf6 4. d3 h6 5. c3 d6 6. a4 a5 7. Nbd2 g5 8. Qb3 Qe7 9. Nf1 Bg7 10. Ng3 O-O 11. Be3 Nd8 12. O-O Be6 13. Rfe1 c6 14. Bxe6 fxe6 15. Rad1 g4 16. Nd2 Nf7 17. d4 Rad8 18. Nc4 exd4 19. cxd4 h5 20. Nxa5 h4 21. Ne2 Nxe4 22. Nf4 Nfg5 23. Ng6 Qf6 24. Nxf8 Rxf8 25. Bxg5 Qxf2+ 26. Kh1 Nxg5 27. Qe3 Qf5 28. d5 cxd5 29. Nxb7 Ne4 30. Kg1 Qe5 31. Nxd6 Qxd6 32. Qxe4 Qb6+ 33. Qe3 Qxe3+ 34. Rxe3 Bxb2 35. Rxe6 Rf4 36. a5 Kf7 37. Re2 Bd4+ 38. Kh1 g3 39. Red2 Bc3 40. Rxd5 Ra4 41. Rd7+ Kg8 42. Rb1 Be5 43. Rc1 Bc3 44. Rd3 Bxa5 45. hxg3 hxg3 46. Rxg3+ Kf7 47. Rf1+ Ke7 48. Rg7+ Ke8 49. g4 Bc3 50. Rg8+ Ke7 51. Kg2 Be5 52. Kh3 Ra2 53. Kh4 Bf6+ 54. g5 Be5 55. Kh5 Rh2+ 56. Kg6 Bg3 57. Rf7+ Ke6 58. Re8+ Kd6 59. Rf3 Kd7 60. Re4 Bd6 61. Rd3 Kc6 62. Rc4+ Kb5 63. Rc8 1-0

[Event "33.Schlosspark-Open"]
[Site "Wiesbaden-Biebrich"]
[Date "2024.08.23"]
[Round "2.23"]
[White "Bischoff, Ulrich"]
[Black "Windelband, Jens"]
[Result "1/2-1/2"]
[WhiteElo "1919"]
[BlackElo "2074"]
[PlyCount "68"]
[EventDate "2024.08.22"]
[WhiteTeam "SF Eltville"]
[BlackTeam "SG Aufbau Elbe Magdeburg"]

1. d4 e6 2. c4 d5 3. Nf3 c5 4. cxd5 exd5 5. Bg5 Be7 6. Bxe7 Nxe7 7. dxc5 Qa5+ 8. Nc3 Qxc5 9. e3 Nbc6 10. Be2 O-O 11. O-O Bg4 12. Rc1 Rad8 13. Qa4 Bxf3 14. Bxf3 d4 15. Nd5 Qd6 16. Nxe7+ Qxe7 17. Bxc6 bxc6 18. exd4 Qe4 19. Rfe1 Qf4 20. Qxc6 Rxd4 21. g3 Qd2 22. Re8 Qxc1+ 23. Qxc1 Rxe8 24. Qc5 Rd2 25. Qc3 Red8 26. Qa5 g6 27. b4 R8d7 28. b5 Re2 29. Qc3 Rdd2 30. Qc8+ Kg7 31. Qc3+ Kg8 32. Qc8+ Kg7 33. Qc3+ Kh6 34. a4 Rd6 1/2-1/2